| 000 | 00666nam a22002177a 4500 | ||
|---|---|---|---|
| 003 | OSt | ||
| 005 | 20251022144623.0 | ||
| 008 | 251022b |||||||| |||| 00| 0 eng d | ||
| 020 | _a0273661949 | ||
| 040 | _cMUST | ||
| 082 |
_22nd _a658.8 AMB 2003 |
||
| 100 |
_aAmbler Tim _919487 |
||
| 245 | _aMarketing and the Bottom Line: The marketing matrics to pump up cash flow. | ||
| 260 |
_aBritain _bPrentice _cc2003 |
||
| 300 |
_axiv,320p. _bill. tables and graphs _c25cm. |
||
| 440 |
_aThe marketing matrics to pump up cash flow _919488 |
||
| 504 | _aincludes appendix and index | ||
| 650 | _2marketing metrics | ||
| 700 |
_aTim Ambler _919489 |
||
| 942 |
_2ddc _cO_SHELF |
||
| 999 |
_c9581 _d9581 |
||